000 00674nam a2200289Ia 4500
005 20260324121004.0
008 008 260324s9999 xx 000 0 eng d
020 _a9780203798881
037 _aEBOOK
040 _aCRL
040 _beng
040 _cCRL
041 _2eng
041 _aeng
084 _qCRL
100 _aJos Boys
_91160753
245 0 _aBuilding Better Universities
245 0 _bStrategies, Spaces, Technologies
260 _bTaylor and Francis
260 _c2014
365 _a
365 _b290
856 _uhttp://www.taylorfrancis.com/books/9780203798881
942 _cEBOOK
999 _c1752583
_d1752583